000 00837nam a2200253 u 4500
005 20230706063523.0
008 161103s2012 es r 000 0 spa d
020 _a9788499212517
035 _aUPN01000214474
049 _aCG
050 4 _aBF637 N6.6
_bV4.2
100 1 _aVenner, Anne-Marie
_940046
245 1 0 _a40 juegos para la expresión corporal :
_bde 3 a 10 años /
_cAnne-Marie Venner ; tr. Xavier Moreno Julbe.
260 _aBarcelona, Esp. :
_bOctaedro,
_c2012.
300 _a100 p. :
_bil.
440 0 _aBolsillo.
_v25.
_pOctaedro
534 _pTítulo original:
_t40 jeux pour l'expression corporelle á l'école
650 4 _aLENGUAJE CORPORAL
_95509
650 4 _aComunicación no verbal en niños
_912760
650 7 _aEstrategias educativas
_2
_91510
905 _aLibro
999 _c186574
_d186574